Maestro, escuela y vida cotidiana en Santafé colonial
El presente texto es la historia de Don Agustín Joseph de Torres, el cuarto maestro publico de finales del siglo XVIII en Santafé de Bogotá, cuya vida es una actualidad palpitante para pensar en nuestro presente pedagógico.
Uloženo v:
| Hlavní autor: | |
|---|---|
| Další autoři: | , |
| Médium: | Kniha |
| Jazyk: | Spanish |
| Vydáno: |
Bogotá:
Sociedad Colombiana de Pedagogía,
1999
|
| Témata: | |
| On-line přístup: | Enlace del recurso |
| Tagy: |
Přidat tag
Žádné tagy, Buďte první, kdo vytvoří štítek k tomuto záznamu!
|
MARC
| LEADER | 00000nam a2200000 a 4500 | ||
|---|---|---|---|
| 001 | 000603 | ||
| 008 | 040427s1999 ck a fr# #000|0#spa#d | ||
| 020 | |a 958-33-1017-4 | ||
| 041 | 0 | |a spa | |
| 043 | |a s-ck--- | ||
| 082 | 0 | 4 | |a 370.8 |b M385m |
| 100 | 1 | |a MARTÍNEZ BOOM, Alberto | |
| 245 | 1 | 0 | |a Maestro, escuela y vida cotidiana en Santafé colonial |c Alberto Martínez Boom, Orlando Castro Villarraga, Carlos Ernesto Noguera |
| 260 | |a Bogotá: |b Sociedad Colombiana de Pedagogía, |c 1999 | ||
| 300 | |a 158 p.: |b il. | ||
| 520 | 3 | |a El presente texto es la historia de Don Agustín Joseph de Torres, el cuarto maestro publico de finales del siglo XVIII en Santafé de Bogotá, cuya vida es una actualidad palpitante para pensar en nuestro presente pedagógico. | |
| 650 | 1 | 4 | |a HISTORIA DE LA EDUCACIÓN -- |z COLOMBIA |
| 650 | 1 | 4 | |a ESCUELAS PÚBLICAS |
| 700 | 1 | |a Castro Villarraga, Orlando | |
| 700 | 1 | |a Noguera, Carlos Ernesto | |
| 999 | |c 2755 |d 2755 | ||
| 856 | |u https://catalogo.idep.edu.co/cgi-bin/koha/opac-detail.pl?biblionumber=2755 |z Enlace del recurso | ||